| 000 | 00553nam a2200205Ia 4500 | ||
|---|---|---|---|
| 005 | 20260429112155.0 | ||
| 008 | 260429s9999||||xx |||||||||||||| ||und|| | ||
| 020 | _a9780415086257 | ||
| 041 | _aEnglish | ||
| 082 |
_a820.9928 _bKNO |
||
| 100 | _aKnowles, Murray | ||
| 245 | 0 |
_aLanguage and control in children's literature / _cMurray Knowles |
|
| 250 | _a1st ed. | ||
| 260 |
_aLondon : _bRoutledge, _c1996. |
||
| 300 | _axii, 284 p.; pbk | ||
| 650 | _a Language | ||
| 650 | _aChildren literature | ||
| 700 | _a Malmkjaer, Kirsten | ||
| 942 | _cTB | ||
| 999 |
_c52730 _d52730 |
||